Pohled do budoucnosti bytové výstavby
Možné smery vývoja bytovej výstavby. Problém úrokovej miery. Štruktúra výdavkov domácností v ČR. Budúci vývoj bytovej výstavby v ČR - dve stránky - 1. spotrebiteľská a 2. investorská.
Salvato in:
| Autore principale: | |
|---|---|
| Natura: | Capitolo di libro |
| Lingua: | ceco |
| Soggetti: | |
| Tags: |
Nessun Tag, puoi essere il primo ad aggiungerne!!
|
MARC
| LEADER | 00000naa a2200000 4500 | ||
|---|---|---|---|
| 001 | r015561 | ||
| 005 | 20221205090011.9 | ||
| 041 | 0 | |a cze | |
| 044 | |a CZ | ||
| 245 | 1 | 0 | |a Pohled do budoucnosti bytové výstavby |c V. Beran |
| 520 | |a Možné smery vývoja bytovej výstavby. Problém úrokovej miery. Štruktúra výdavkov domácností v ČR. Budúci vývoj bytovej výstavby v ČR - dve stránky - 1. spotrebiteľská a 2. investorská. | ||
| 610 | 2 | 0 | |a byty |
| 610 | 2 | 0 | |a výstavba bytová |
| 610 | 2 | 0 | |a prognózy |
| 610 | 2 | 0 | |a Česko |
| 100 | 1 | |a Beran, V. | |